|
|
|
|
| LEADER |
01879nam a2200301 i 4500 |
| 001 |
9102106 |
| 003 |
GR-PaULI |
| 005 |
20210117210729.0 |
| 008 |
181003s2002 us a|||g b |001 ||eng d |
| 952 |
|
|
|0 0
|1 0
|2 ddc
|4 0
|6 792_028000000000000_092_LEC
|7 0
|9 226336
|a THST
|b THST
|d 2018-10-03
|i 010594
|l 0
|o 792.028 092 LEC
|p 025000255461
|r 2018-10-03 00:00:00
|t 1
|v 2018.00
|w 2018-10-03
|y BK15
|
| 999 |
|
|
|c 136588
|d 136588
|
| 020 |
|
|
|a 0415270243 (hbk.)
|
| 020 |
|
|
|a 0415270251 (pbk)
|
| 040 |
|
|
|a G
|b gre
|c GR-PaULI
|e AACR2
|
| 082 |
0 |
4 |
|a 792.028 092
|2 23
|
| 245 |
0 |
0 |
|a Jacques Lecoq and the British theatre /
|c edited by Franc Chamberlain and Ralph Yarrow.
|
| 260 |
|
|
|a London :
|b Routledge,
|c 2002.
|
| 300 |
|
|
|a 121 σ. :
|b εικ. ;
|c 24 εκ.
|
| 490 |
0 |
|
|a Routledge Harwood contemporary theatre studies ;
|v 42
|
| 504 |
|
|
|6 Περιλαμβάνει βιβλιογραφία και ευρετήριο.
|
| 505 |
|
|
|a Introduction / Franc Chamberlain and Ralph Yarrow -- Tout Bouge : Jacques Lecoq, modern mime and the zero body : a pedagogy for the creative actor / Simon Murray -- The well of possibilities : theoretical and practical uses / Bim Mason -- The theatre which does not exist : neutrality to interculturalism / John Martin -- The masks of Jacques Lecoq / John Wright -- "Amusez-vous, merde!" : the effect of Philippe Gaulier's teaching on my work as an actor and writer / Victoria Worsley -- Jos Houben : understanding the neutral mask / Anthony Shrubsall -- Afterword / Ralph Yarrow -- Lecoq talk / David Gaines.
|
| 600 |
1 |
4 |
|a Lecoq, Jacques,
|d 1921-1999
|9 106066
|
| 650 |
|
4 |
|9 1573
|a Ηθοποιία
|x Μελέτη και διδασκαλία
|
| 650 |
|
4 |
|9 171397
|a Θέατρο
|z Μεγάλη Βρετανία.
|
| 700 |
1 |
4 |
|a Chamberlain, Franc.
|9 171398
|e επιμελητής
|
| 700 |
1 |
4 |
|a Yarrow, Ralph.
|9 171399
|e επιμελητής
|
| 942 |
|
|
|2 ddc
|c BK15
|
| 998 |
|
|
|c ΜΑΝΙΑ
|d 2018-10
|